|
|
|
|
| LEADER |
00000nam a2200000 a 4500 |
| 001 |
351666 |
| 003 |
Ucuenca |
| 005 |
20230308230513.0 |
| 008 |
000000|1969 dk |||||r|||||||||||spa|| |
| 040 |
|
|
|b spa
|
| 041 |
0 |
|
|a en
|
| 082 |
0 |
|
|a 616.15
|
| 100 |
1 |
|
|a Kotilainen, Martti
|9 232672
|
| 245 |
|
|
|a Platelet kinetics in normal subjects and in haematological disorders : with special reference to thrombocytopenia and to the role of the spleen
|c Martti Kotilainen
|h imp
|
| 264 |
|
|
|a Copenhagen
|b Hki
|c 1969
|
| 300 |
|
|
|a 97 páginas:
|c 24 cm
|b ilu
|
| 650 |
|
0 |
|a Trastornos hematologicos
|9 114888
|
| 650 |
1 |
0 |
|a Cinética
|9 32918
|
| 852 |
|
|
|a UC-CDJBV
|
| 942 |
|
|
|c CR
|2 ddc
|z teodoro.astudillo@ucuenca.edu.ec
|
| 999 |
|
|
|c 156855
|d 156855
|